|
|
|
|
| LEADER |
01493nam a2200373 a 4500 |
| 001 |
37500 |
| 003 |
BD-DhAAL |
| 005 |
20220113151901.0 |
| 008 |
210613r20051998enk b 001 0 eng |
| 999 |
|
|
|c 43226
|d 43226
|
| 010 |
|
|
|a 92028696
|
| 020 |
|
|
|a 9788175960275
|
| 020 |
|
|
|a 8175960272
|
| 020 |
|
|
|a 052136230X
|
| 040 |
|
|
|a DLC
|c DLC
|d DLC
|d BD-DhAAL
|
| 043 |
|
|
|a a-ii---
|
| 082 |
0 |
0 |
|a 330.954
|2 20
|
| 100 |
1 |
|
|a Tomlinson, B. R.
|9 41044
|
| 245 |
1 |
4 |
|a The economy of modern India, 1860-1970 /
|c B.R. Tomlinson.
|
| 260 |
|
|
|a Cambridge [England] ;
|a New York ;
|a New Delhi :
|b Cambridge University Press,
|c 1998 [Reprinted 2005]
|
| 300 |
|
|
|a xvii, 235 pages ;
|c 24 cm.
|
| 440 |
|
4 |
|a The new Cambridge history of India ;
|v III, 3
|9 41045
|
| 504 |
|
|
|a Includes bibliographical references (p. 219-231) and index.
|
| 526 |
|
|
|a RS
|
| 541 |
|
|
|a Karim international
|e 37500
|
| 590 |
|
|
|a In English.
|
| 651 |
|
0 |
|a India
|x Economic conditions.
|9 41046
|
| 651 |
|
0 |
|a India
|x History
|y 19th century.
|9 41047
|
| 651 |
|
0 |
|a India
|x History
|y 20th century.
|9 41048
|
| 852 |
|
|
|a Saver Campus Library
|c General Stacks
|
| 856 |
4 |
2 |
|3 Publisher description
|u http://www.loc.gov/catdir/description/cam025/92028696.html
|
| 856 |
4 |
1 |
|3 Table of contents
|u http://www.loc.gov/catdir/toc/cam022/92028696.html
|
| 942 |
|
|
|2 ddc
|c BK
|
| 952 |
|
|
|0 0
|1 0
|2 ddc
|4 0
|6 330_954000000000000_TOM
|7 0
|9 69320
|a SCL
|b SCL
|c GEN
|d 2021-03-25
|e Karim International
|g 1150.00
|l 0
|o 330.954 TOM
|p 3020037500
|r 2021-03-25
|t 1
|v 1150.00
|w 2021-03-25
|y BK
|